| 000 | 00564cam a22002053a 4500 | ||
|---|---|---|---|
| 001 | 40522 | ||
| 003 | PGUSA | ||
| 005 | 20140828083914.0 | ||
| 008 | 120818s2012||||xxu|||||s|||||000 | eng d | ||
| 040 |
_aPGUSA _beng |
||
| 042 | _adc | ||
| 100 | 1 | _aRoss, Frederick | |
| 245 | 1 | 0 |
_aYorkshire Family Romance _h[electronic resource] / _cFrederick Ross |
| 260 |
_bProject Gutenberg, _c2012 |
||
| 506 | _aPublic domain in the USA. | ||
| 516 | _aElectronic text | ||
| 830 | 0 |
_aProject Gutenberg _v40522 |
|
| 856 | 4 | 0 | _uhttp://www.gutenberg.org/ebooks/40522 |
| 942 | _cEB | ||
| 999 |
_c269775 _d269775 |
||